ICAO Registration Prefix Countries - Statistics

General Stats
  • This quiz has been taken 35 times
  • The average score is 4 of 20
Answer Stats
Hint Answer % Correct
XU Cambodia
100%
F France
100%
D Germany
100%
LX Luxembourg
100%
9H Malta
100%
ER Moldova
100%
9N Nepal
100%
SP Poland
100%
4R Sri Lanka
100%
TC Turkey
100%
UR Ukraine
100%
YV Venezuela
100%
EI, EJ Ireland
75%
VH Australia
67%
C, CF Canada
67%
OY Denmark
67%
M Isle of Man
67%
I Italy
67%
JA Japan
67%
A7 Qatar
67%
EW Belarus
50%
CC Chile
50%
OK Czechia
50%
DQ Fiji
50%
2 Guernsey
50%
EP Iran
50%
4X, 4Z Israel
50%
9M Malaysia
50%
CN Morocco
50%
ZK, ZL, ZM New Zealand
50%
5N Nigeria
50%
RP Philippines
50%
YR Romania
50%
RA Russia
50%
YU Serbia
50%
HL South Korea
50%
EC Spain
50%
HS Thailand
50%
A6 United Arab Emirates
50%
OO Belgium
40%
PP, PR, PS, PT, PU Brazil
40%
RDPL Laos
40%
OE Austria
33%
VQ-B, VP-B Bermuda
33%
9A Croatia
33%
OH Finland
33%
VP-G Gibraltar
33%
PK Indonesia
33%
LN Norway
33%
ZS, ZT, ZU South Africa
33%
SE Sweden
33%
N United States
33%
UK Uzbekistan
33%
LZ Bulgaria
25%
ES Estonia
25%
UP Kazakhstan
25%
OM Slovakia
20%
YA Afghanistan
0%
ZA Albania
0%
7T Algeria
0%
D2 Angola
0%
VP-A Anguilla
0%
V2 Antigua and Barbuda
0%
LQ, LV Argentina
0%
EK Armenia
0%
P4 Aruba
0%
4K Azerbaijan
0%
C6 Bahamas
0%
A9C Bahrain
0%
S2 Bangladesh
0%
8P Barbados
0%
V3 Belize
0%
TY Benin
0%
VP-B, VQ-B Bermuda
0%
A5 Bhutan
0%
CP Bolivia
0%
E7 Bosnia and Herzegovina
0%
A2 Botswana
0%
V8 Brunei
0%
XT Burkina Faso
0%
9U Burundi
0%
D4 Cabo Verde
0%
TJ Cameroon
0%
VP-C, VQ-C Cayman Islands
0%
TL Central African Republic
0%
TT Chad
0%
B China
0%
HJ, HK Colombia
0%
D6 Comoros
0%
TN Congo
0%
E5 Cook Islands
0%
TI Costa Rica
0%
TU Côte d’Ivoire
0%
CU Cuba
0%
PJ Curaçao, Sint Maarten
0%
5B Cyprus
0%
9Q Democratic Republic of the Congo
0%
J2 Djibouti
0%
J7 Dominica
0%
HI Dominican Republic
0%
HC Ecuador
0%
SU Egypt
0%
YS El Salvador
0%
3C Equatorial Guinea
0%
E3 Eritrea
0%
3DC Eswatini
0%
ET Ethiopia
0%
VP-F Falkland Islands (Malvinas)
0%
TR Gabon
0%
C5 Gambia
0%
4L Georgia
0%
9G, 9GR Ghana
0%
SX Greece
0%
J3 Grenada
0%
TG Guatemala
0%
3X Guinea
0%
J5 Guinea-Bissau
0%
8R Guyana
0%
HH Haiti
0%
HR Honduras
0%
HA Hungary
0%
TF Iceland
0%
VT India
0%
YI Iraq
0%
6Y Jamaica
0%
ZJ Jersey
0%
JY Jordan
0%
5Y Kenya
0%
9K Kuwait
0%
EX Kyrgyzstan
0%
YL Latvia
0%
OD Lebanon
0%
7P Lesotho
0%
A8 Liberia
0%
5A Libya
0%
HB Liechtenstein, Switzerland
0%
LY Lithuania
0%
5R Madagascar
0%
7Q Malawi
0%
8Q Maldives
0%
TZ Mali
0%
V7 Marshall Islands
0%
5T Mauritania
0%
3B Mauritius
0%
XA, XB, XC plus national emblem Mexico
0%
V6 Micronesia
0%
3A Monaco
0%
JU Mongolia
0%
4O Montenegro
0%
VP-M Montserrat
0%
C9 Mozambique
0%
XY, XZ Myanmar
0%
V5 Namibia
0%
C2 Nauru
0%
PH Netherlands
0%
YN Nicaragua
0%
5U Niger
0%
P North Korea
0%
Z3 North Macedonia
0%
A4O Oman
0%
AP Pakistan
0%
T8 Palau
0%
HP Panama
0%
P2 Papua New Guinea
0%
ZP Paraguay
0%
OB Peru
0%
CR, CS Portugal
0%
9XR Rwanda
0%
V4 Saint Kitts and Nevis
0%
J6 Saint Lucia
0%
J8 Saint Vincent and the Grenadines
0%
5W Samoa
0%
T7 San Marino
0%
S9 Sao Tome and Principe
0%
HZ Saudi Arabia
0%
6V, 6W Senegal
0%
S7 Seychelles
0%
9L Sierra Leone
0%
9V Singapore
0%
S5 Slovenia
0%
H4 Solomon Islands
0%
6O Somalia
0%
Z8 South Sudan
0%
VQ-H St. Helena, Ascension
0%
ST Sudan
0%
PZ Suriname
0%
YK Syria
0%
EY Tajikistan
0%
5H Tanzania
0%
5V Togo
0%
A3 Tonga
0%
9Y Trinidad and Tobago
0%
TS Tunisia
0%
EZ Turkmenistan
0%
VQ-T Turks and Caicos
0%
5X Uganda
0%
G United Kingdom
0%
CX Uruguay
0%
YJ Vanuatu
0%
XV Vietnam
0%
VP-L Virgin Islands
0%
7O Yemen
0%
9J Zambia
0%
Z Zimbabwe
0%
No matching quizzes found
Score Distribution
Percent of People with Each Score
Percentile by Number Answered
Your Score History
You have not taken this quiz